Top 100 New York Giants of All Time - Statistics

General Stats
  • This quiz has been taken 161 times
  • The average score is 22 of 100
Answer Stats
Position Player % Correct
LB Lawrence Taylor
96%
QB Eli Manning
95%
DE Michael Strahan
82%
QB Phil Simms
78%
WR Odell Beckham Jr.
72%
RB Tiki Barber
72%
RB Saquon Barkley
67%
S Landon Collins
61%
QB Kerry Collins
60%
WR Victor Cruz
59%
QB Y.A Tittle
53%
WR Amani Toomer
50%
WR Homer Jones
50%
TE Jeremy Shockey
50%
DE Justin Tuck
49%
RB Brandon Jacobs
47%
LB Carl Banks
45%
HB/WR/DB Frank Gifford
44%
LB Harry Carson
40%
DE Jason Pierre-Paul
39%
TE Mark Bavaro
39%
WR Plaxico Burress
39%
RB Ahmad Bradshaw
38%
LB Pepper Johnson
37%
S Emlen Tunnell
36%
RB Ron Johnson
36%
OT Rosey Brown
35%
QB Fran Tarkenton
33%
WR Hakeem Nicks
33%
G Chris Snee
32%
RB Ottis Anderson
30%
DE Osi Umenyiora
28%
RB Joe Morris
27%
HB/FB Alex Webster
25%
C Shaun O'Hara
24%
C/LB Mel Hein
23%
DB Jason Sehorn
22%
QB Charlie Conerly
21%
RB Rodney Hampton
21%
LB Sam Huff
21%
OL David Diehl
20%
LB Jessie Armstead
18%
DE George Martin
17%
S Antrel Rolle
16%
DL Leonard Marshall
16%
LB Antonio Pierce
15%
LB Brad Van Pelt
15%
DE Andy Robustelli
14%
RB/WR Joe Morrison
14%
C Bart Oates
13%
P Sean Landeta
13%
P Jeff Feagles
11%
DT Keith Hamilton
10%
HB/WR Kyle Rote
10%
K Pete Gogolak
10%
DT Roosevelt Grier
10%
P Dave Jennings
9%
OL Jumbo Elliott
9%
DB Carl Lockhart
8%
DB Dick Lynch
8%
LS Zak DeOssie
8%
DT Arnold Weinmeister
7%
WR Del Shofner
7%
DT Jim Katcavage
7%
S Jimmy Patton
7%
T/G Steve Owen
7%
FB/HB Tuffy Leemans
7%
DB Mark Haynes
6%
E Ray Flaherty
6%
K Ali Haji-Sheikh
5%
QB Benny Friedman
5%
TE Bob Tucker
5%
DB Erich Barnes
5%
HB/FB Ken Strong
5%
CB/P/QB Tom Landry
5%
T Al Blozis
4%
DE Cal Hubbard
4%
FB Eddie Price
4%
T Len Grant
4%
E Red Badgro
4%
G Ron Stone
4%
HB Ward Cuff
4%
QB Ed Danowski
3%
C Greg Larson
3%
RB/QB Jack McBride
3%
G/T Jack Stroud
3%
C Ray Wietecha
3%
DT Butch Gibson
2%
T Frank Cope
2%
G Orville Tuttle
2%
DT Al DeRogatis
1%
RB Bill Paschal
1%
T Ed Widseth
1%
E Jim Poole
1%
C Joe Wostoupal
1%
T John Mellus
1%
G/LB/P Len Younce
1%
FB/C Nello Falaschi
1%
DB Otto Schnellbacher
1%
RB Tony Plansky
1%
No matching quizzes found
Score Distribution
Percent of People with Each Score
Percentile by Number Answered
Your Score History
You have not taken this quiz